000 00280nam a22001337a 4500
008 170213b xxu||||| |||| 00| 0 eng d
020 _a07490704
041 _aeng
080 _a6
100 _a4
101 _aSHM
245 _aCRITICA LCARE CLINICS
_cKVETAN, V
942 _2udc
_cBK
999 _c5240
_d5240